Genetické zdroje jabloní a jejich molekulární analýza

Bibliographic Details
Main Authors: Zoufalá, Jana (Author), Vejl, Pavel (Author), Melounová, Martina (Author), Blažek, Jan, 1943- (Author), Křelinová, Jana (Author)
Format: Article
Language:Slovak
Czech
PhysicalDescription:Obr., tab.
ISSN:0551-3677
Subjects:

MARC

LEADER 00000nab a2200000 a 4500
001 vtls009940080
003 SK-MaSNL
005 20260304212351.0
008 250507c2009 xo mr|p|||||||000 b|slo
015 |a SNBRB2009/08  |2 snkbucl 
035 |a (uuid)5a04ca41-dd4c-4299-8a75-be9c8901e0e6 
035 |a urn:nbn:sk:snk-ab1h8s 
035 |a (urnnbn)urn:nbn:sk:snk:ar-003rhi 
038 |a SNKBUCL 
040 |a SNKBUCL  |b slo  |c SNKBUCL  |e AACR2 
041 0 |a cze  |b eng  |b cze 
044 |a xo  |c SK 
080 |a 634.11:631.52  |2 1997 
080 |a 631.52  |2 1997 
245 0 0 |a Genetické zdroje jabloní a jejich molekulární analýza  |c Jana Zoufalá ... [et al.] 
246 3 1 |a Apple genetics resources and their molecular analysis 
300 |b Obr., tab. 
504 |a Bibliogr. odkazy 
546 |a Res. angl., čes. 
650 0 7 |a jablone  |2 snkbucl  |9 14762 
650 0 7 |a odrody poľnohospodárskych plodín  |2 snkbucl  |9 29318 
650 0 7 |a DNA markery  |2 snkbucl  |9 1280250 
650 0 7 |a gény  |2 snkbucl  |9 20152 
650 0 7 |a alely  |2 snkbucl  |9 19508 
650 0 7 |a selekcia (genetika)  |2 snkbucl  |9 1338569 
700 1 |a Zoufalá, Jana  |4 aut  |9 772511 
700 1 |a Vejl, Pavel  |4 aut  |9 249974 
700 1 |a Melounová, Martina  |4 aut  |9 124792 
700 1 |a Blažek, Jan,  |d 1943-  |4 aut  |9 122648 
700 1 |a Křelinová, Jana  |4 aut  |9 1544273 
773 0 |t Agriculture = Poľnohospodárstvo  |g Vol. 55, no. 2 (2009), s. 69-79  |x 0551-3677 
850 |a Slovenská národná knižnica 
852 |a Slovenská národná knižnica 
954 |a odborná, vedecká literatúra cudzojazyčná (svetová)  |2 lita 
954 |a odborná, vedecká literatúra pôvodná (slovenská)  |2 lita 
958 |a article27 
958 |a OND 
958 |a NB 
958 |a EUIPO 
999 |c 3131110  |d 3133040